<?xml version="1.0" encoding="UTF-8"?>
<record
    xmlns:xsi="http://www.w3.org/2001/XMLSchema-instance"
    xsi:schemaLocation="http://www.loc.gov/MARC21/slim http://www.loc.gov/standards/marcxml/schema/MARC21slim.xsd"
    xmlns="http://www.loc.gov/MARC21/slim">

  <leader>00419aam a22001571a 4500</leader>
  <controlfield tag="001">YPZ16359</controlfield>
  <controlfield tag="003">YPZ</controlfield>
  <controlfield tag="005">20190403132758.0</controlfield>
  <controlfield tag="008">061011|###########||||||b||||||||||spa|d</controlfield>
  <datafield tag="020" ind1=" " ind2=" ">
    <subfield code="a">9707030267</subfield>
  </datafield>
  <datafield tag="040" ind1=" " ind2=" ">
    <subfield code="c">SIUNPA</subfield>
  </datafield>
  <datafield tag="080" ind1=" " ind2=" ">
    <subfield code="a">930(725) HIS</subfield>
  </datafield>
  <datafield tag="245" ind1=" " ind2=" ">
    <subfield code="a">Historiograf&#xED;a Michoacana, acercamientos y balances</subfield>
    <subfield code="b"> : acercamientos y balances</subfield>
  </datafield>
  <datafield tag="260" ind1=" " ind2=" ">
    <subfield code="a">Morelia, Mich</subfield>
    <subfield code="b"> : UMSNH</subfield>
    <subfield code="c"> , 2000</subfield>
  </datafield>
  <datafield tag="942" ind1=" " ind2=" ">
    <subfield code="c">BK</subfield>
  </datafield>
  <datafield tag="999" ind1=" " ind2=" ">
    <subfield code="c">15365</subfield>
    <subfield code="d">15365</subfield>
  </datafield>
  <datafield tag="952" ind1=" " ind2=" ">
    <subfield code="0">0</subfield>
    <subfield code="1">0</subfield>
    <subfield code="4">0</subfield>
    <subfield code="7">0</subfield>
    <subfield code="8">CG</subfield>
    <subfield code="a">BIB_RECT</subfield>
    <subfield code="b">BIB_UASJ</subfield>
    <subfield code="d">2006-10-12</subfield>
    <subfield code="i">04-01431</subfield>
    <subfield code="o">930(725) HIS</subfield>
    <subfield code="p">04-01431</subfield>
    <subfield code="r">2019-04-03</subfield>
    <subfield code="w">2019-04-03</subfield>
    <subfield code="y">BK</subfield>
  </datafield>
</record>
